00810cam a2200205 a 4500020002500000020003100025040000800056082002600064245009500090260004300185300003400228490005100262650002400313650002100337710001600358856005900374942000700433999001700440952014700457 a9780821372258 (pbk.) a9780821372265 (electronic) cDLC00a382 WOR 2008 A064 Or.00aInternational trade and climate change :beconomic, legal, and institutional perspectives. aWashington D.C. :bWorld Bank,cc2008. axii, 144 p. :bill. ;c23 cm.0 aEnvironment and development (Washington, D.C.) 0aInternational trade 0aClimatic changes2 aWorld Bank.41uhttp://www.loc.gov/catdir/toc/ecip0724/2007031886.html cEK c14050d14050 0010406382_000000000000000_WOR_2008_A064_OR70965746aLBAbLBAcA064d2017-10-05o382 WOR 2008 A064 Or.pA17212r2017-10-05w2017-10-05yEK